টর্ট আইন : (ইকনোমিক টর্টসহ) / (Record no. 3433)
[ view plain ]
| 000 -LEADER | |
|---|---|
| fixed length control field | 00738nam a2200229Ia 4500 |
| 003 - CONTROL NUMBER IDENTIFIER | |
| control field | BUBTL |
| 008 - FIXED-LENGTH DATA ELEMENTS--GENERAL INFORMATION | |
| fixed length control field | 151213s9999 xx 000 0 und d |
| 020 ## - INTERNATIONAL STANDARD BOOK NUMBER | |
| International Standard Book Number | 9848430490 |
| 041 ## - LANGUAGE CODE | |
| Language code of text/sound track or separate title | Bangla |
| 082 ## - DEWEY DECIMAL CLASSIFICATION NUMBER | |
| Classification number | 346.03/ Si132t/ 2006 |
| 100 ## - MAIN ENTRY--PERSONAL NAME | |
| Personal name | সিদ্দিক, এ. বি. |
| 9 (RLIN) | 5242 |
| 245 ## - TITLE STATEMENT | |
| Title | টর্ট আইন : (ইকনোমিক টর্টসহ) / |
| Statement of responsibility, etc. | এ. বি. সিদ্দিক |
| 250 ## - EDITION STATEMENT | |
| Edition statement | 7th edn. |
| 260 ## - PUBLICATION, DISTRIBUTION, ETC. (IMPRINT) | |
| Place of publication, distribution, etc. | ঢাকা |
| Name of publisher, distributor, etc. | কামরুল বুক হাউজ |
| Date of publication, distribution, etc. | c2006 |
| 300 ## - PHYSICAL DESCRIPTION | |
| Extent | [xx], 188p. : |
| Other physical details | 20 cm. |
| 650 ## - SUBJECT ADDED ENTRY--TOPICAL TERM | |
| Topical term or geographic name as entry element | Law |
| 650 ## - SUBJECT ADDED ENTRY--TOPICAL TERM | |
| Topical term or geographic name as entry element | |
| 700 ## - ADDED ENTRY--PERSONAL NAME | |
| Personal name | এ. বি. সিদ্দিক |
| 9 (RLIN) | 5243 |
| 856 ## - ELECTRONIC LOCATION AND ACCESS | |
| Password | 0 |
| Logon | 0 |
| Link text | Download |
| 942 ## - ADDED ENTRY ELEMENTS (KOHA) | |
| Source of classification or shelving scheme | |
| Koha item type | Books |
| Withdrawn status | Lost status | Source of classification or shelving scheme | Damaged status | Not for loan | Collection code | Permanent location | Current location | Shelving location | Date acquired | Source of acquisition | Inventory number | Total Checkouts | Full call number | Barcode | Date last seen | Date last checked out | Copy number | Price effective from | Koha item type |
|---|---|---|---|---|---|---|---|---|---|---|---|---|---|---|---|---|---|---|---|
| Non-fiction | Bangladesh University of Business and Technology Library | Bangladesh University of Business and Technology Library | Law Stacks | 09/05/2008 | Purchase | 5948 | 6 | 346.03/ Si132t/ 2006 | BUBTL-20035948 | 05/26/2024 | 05/21/2024 | C-1 | 03/20/2023 | Books | |||||
| Not For Loan | Non-fiction | Bangladesh University of Business and Technology Library | Bangladesh University of Business and Technology Library | Law Stacks | 09/05/2008 | Purchase | 5952 | 346.03/ Si132t/ 2006 | BUBTL-20035952 | 03/20/2023 | C-2 | 03/20/2023 | Books | ||||||
| Non-fiction | Bangladesh University of Business and Technology Library | Bangladesh University of Business and Technology Library | Law Stacks | 09/05/2008 | Purchase | 5953 | 2 | 346.03/ Si132t/ 2006 | BUBTL-20035953 | 09/10/2023 | 09/03/2023 | C-3 | 03/20/2023 | Books | |||||
| Non-fiction | Bangladesh University of Business and Technology Library | Bangladesh University of Business and Technology Library | Law Stacks | 08/14/2010 | Purchase | 7901 | 7 | 346.03/ Si132t/ 2006 | BUBTL-20037901 | 03/04/2024 | 03/02/2024 | C-4 | 03/20/2023 | Books | |||||
| Not For Loan | Non-fiction | Bangladesh University of Business and Technology Library | Bangladesh University of Business and Technology Library | Law Stacks | 08/14/2010 | Purchase | 7902 | 346.03/ Si132t/ 2006 | BUBTL-20037902 | 03/20/2023 | C-5 | 03/20/2023 | Books | ||||||
| Non-fiction | Bangladesh University of Business and Technology Library | Bangladesh University of Business and Technology Library | Law Stacks | 08/14/2010 | Purchase | 7903 | 8 | 346.03/ Si132t/ 2006 | BUBTL-20037903 | 03/28/2024 | 03/24/2024 | C-6 | 03/20/2023 | Books | |||||
| Non-fiction | Bangladesh University of Business and Technology Library | Bangladesh University of Business and Technology Library | Law Stacks | 08/14/2010 | Purchase | 7905 | 8 | 346.03/ Si132t/ 2006 | BUBTL-20037905 | 07/11/2024 | 07/02/2024 | C-7 | 03/20/2023 | Books | |||||
| Non-fiction | Bangladesh University of Business and Technology Library | Bangladesh University of Business and Technology Library | Law Stacks | 08/14/2010 | Purchase | 7906 | 5 | 346.03/ Si132t/ 2006 | BUBTL-20037906 | 04/02/2024 | 03/21/2024 | C-8 | 03/20/2023 | Books | |||||
| Not For Loan | Non-fiction | Bangladesh University of Business and Technology Library | Bangladesh University of Business and Technology Library | Law Stacks | 08/14/2010 | Purchase | 7908 | 346.03/ Si132t/ 2006 | BUBTL-20037908 | 03/20/2023 | C-9 | 03/20/2023 | Books | ||||||
| Non-fiction | Bangladesh University of Business and Technology Library | Bangladesh University of Business and Technology Library | Law Stacks | 08/14/2010 | Purchase | 7910 | 5 | 346.03/ Si132t/ 2006 | BUBTL-20037910 | 03/03/2024 | 02/28/2024 | C-10 | 03/20/2023 | Books |
